[Event "24.Schlosspark-Open"]
[Site "Wiesbaden-Biebrich"]
[Date "2012.08.24"]
[Round "3.85"]
[White "Künne, Lutz Dieter"]
[Black "Schreer, Maxima"]
[Result "1-0"]
[WhiteElo "1562"]
[BlackElo "674"]
[PlyCount "85"]
[EventDate "2012.??.??"]
[WhiteTeam "Kings Club 98 Jena"]
[BlackTeam "SV 1920 Hofheim"]

1. e4 e5 2. Nf3 Nc6 3. Bc4 Nf6 4. d3 Bc5 5. c3 d5 6. exd5 Nxd5 7. O-O O-O 8.
Re1 Re8 9. Bg5 f6 10. Bh4 Bg4 11. Nbd2 Bxf3 12. Nxf3 a6 13. a3 b5 14. Ba2 Kh8
15. Qc2 Nf4 16. Rad1 Qd7 17. Bb1 g6 18. Bxf6+ Kg8 19. Ba2+ Kf8 20. Qb3 Re6 21.
Nxe5 Nxe5 22. Bxe5 Qf7 23. Qc2 Re7 24. Bxf7 Rxf7 25. d4 Be7 26. Bxf4 Rxf4 27.
Qd2 Rf5 28. Qh6+ Ke8 29. Qxh7 Rf7 30. Qxg6 Rd8 31. Rxe7+ Kxe7 32. Re1+ Kf8 33.
Qh6+ Kg8 34. Qg5+ Kf8 35. Qxd8+ Kg7 36. Re7 Kf6 37. Rxc7+ Re7 38. Qxe7+ Kg6 39.
Qf7+ Kg5 40. Rc5+ Kh6 41. Qf6+ Kh7 42. Rc7+ Kg8 43. Qg7# 1-0